000 00573cam a2200145 4500500
005 20251228093426.0
041 _afre
042 _adc
100 1 0 _aButtino, Marco
_eauthor
245 0 0 _aAdrienne Lynn Edgar Tribal Nation The Making of Soviet Turkmenistan Princeton, Oxford : Princeton University Press, 2004, xvi-296p.
260 _c2005.
500 _a47
786 0 _nCahiers du monde russe | Vol 46 | 4 | 2005-11-01 | p. 859zj-990zj | 1252-6576
856 4 1 _uhttps://shs.cairn.info/revue-cahiers-du-monde-russe-2005-4-page-859zj?lang=fr&redirect-ssocas=7080
999 _c1604362
_d1604362